Spiders [

Bibliographic Details
Format: Book
Published: Buffalo : Discis Knowledge Research Inc. , 1994
Subjects:

MARC

LEADER 00000cam a2200000 7i4500
001 0000022730
002 000024600
005 20000330.0
090 0 0 |a 500   |b SPI 
245 1 0 |a Spiders [  |h CD-ROM] 
260 |a Buffalo :   |b Discis Knowledge Research Inc. ,   |c 1994 
300 |a 1 CD-ROM 
650 0 0 |a Animals   |x Habitations   |x AV aids 
999 |a CDR00586   |b CD-ROM   |c RUJUKAN   |e PERPUSTAKAAN KOMUNITI PETALING JAYA